Вокальные сочинения (Запис номер 360302)
[ съкратено ]
| 000 -Лидер | |
|---|---|
| Контролно поле с фиксирана дължина | 01127ncm a2200289 a 4500 |
| 003 - Код на организацията, давaща контролен номер | |
| Контролно поле | BLK |
| 005 - Дата и час на последна редакция | |
| Контролно поле | 20240820110357.0 |
| 008 - Елементи от данни с фиксирана дължина | |
| fixed length control field | 200331b bu ||||| |||| 00| 0 bu d |
| 040 ## - Източник на каталожния запис | |
| Идентификатор на билиотеката - собственик на записа | BLK |
| 041 ## - Код за език | |
| Код за езика на текст/звукозапис или на отделно заглавие | Руски |
| Код за езика КДБФ | Руски |
| 080 ## - УДК | |
| Текстов определител УДК | Камерна вок. муз. Песни, балади, арии, романси |
| УДК код - определител по УДК | 784.3 |
| УДК - код + определител | 784.3 |
| 080 ## - УДК | |
| Текстов определител УДК | Клавирен съпровод |
| УДК код - определител по УДК | 786.2.082.1 |
| УДК - код + определител | 786.2.082.1 |
| 100 1# - Редна дума - Автор | |
| Автор | Стравински, Игор Федорович |
| Авторска отговорност | първи автор |
| R(LIN) | 126370 |
| 139 ## - Редно поле | |
| Редна дума | Александров, Анатолий Николаевич |
| 245 ## - Сведения за заглавието | |
| Заглавие | Вокальные сочинения |
| Подзаглавни данни | Для голоса с фортепиано |
| Редно поле (дума) | Анатолий Александров |
| Том | Т. 1 |
| 257 ## - Страна на издаване | |
| Страна на създаване/издаване | Русия |
| 260 ## - Област на издателските данни | |
| 9 (RLIN) | 209430 |
| Място на издаване, разпространение и проч. | Москва |
| Име на издателя, разпространителя и проч. | Музика |
| Година на издаване | 1970 |
| 300 ## - Физическа характеристика | |
| Страници | 111 с. |
| Размери/Мащаб | 29 см |
| 380 ## - Жанр | |
| Жанр | Изкуство |
| 650 #7 - Допълнително описание по предмет – тема | |
| 9 (RLIN) | 151227 |
| Основно описание – тема или топоним | Вокални произведения |
| 653 #0 - Ключова дума – ненормативна | |
| 9 (RLIN) | 402793 |
| Ключова дума | фортепиано |
| 852 ## - Местоположение | |
| Форматна сигнатура | Цб М ІІ 6503 |
| Фондова буква | Хранилище |
| 999 ## - СИСТЕМНИ КОНТРОЛНИ НОМЕРА | |
| Koha biblionumber | 360302 |
| Koha biblioitemnumber | 360302 |
| 942 ## - АРТИКУЛИ | |
| Вид на библиотечния материал | Нотни издания |
| Скрит в OPAC | Не |
| Периодичен библиозапис | Да |
| 944 ## - СЪЗДАВАНЕ И РЕДАКЦИЯ на ЗАПИСА | |
| Дата на регистрацията/редакция | 2020-05-07 |
| Служител, извършил регистрацията/редакцията | 30560 |
| Статус, дата на статуса | Геновева Генчева |
| 999 ## - СИСТЕМНИ КОНТРОЛНИ НОМЕРА | |
| Koha biblioitemnumber | 357014 |
| 999 ## - СИСТЕМНИ КОНТРОЛНИ НОМЕРА | |
| Koha biblioitemnumber | 350242 |
| Код за отписване | Код за изгубен артикул | Източник на класификационната схема | Код за повреда | Коз за рестрикции | Код за отдаване | Артикулен № | Име на библиотеката - собственик | Име на библиотеката, в която се намира в момента | Статус (Текущо местоположение) | Дата на вписване в системата | Местоположение - отдел | Цена в лева | Инвентарен номер | Систематично азбучна сигнатура | Баркод | Цена в евро | Служебен тип на артикула |
|---|---|---|---|---|---|---|---|---|---|---|---|---|---|---|---|---|---|
| Не е изгубен | Universal Decimal Classification | Не е повреден | само за читалня | ползва се в читалня | 767873 | Регионална библиотека "Любен Каравелов" Русе | Регионална библиотека "Любен Каравелов" Русе | Хранилище | 2020-05-08 | Хранилище | 1.40 | 152419 | Цб М ІІ 6503 | 900000007611 | 0.72 | Нотни издания |